000 00560nam a2200181Ia 4500
008 151018s9999 xx 000 0 und d
082 _bRBASDV41857
_a891.468
100 _aसतीश खांबाटे
245 _aइंद्रधनू
250 _b1
260 _bआमोद प्रकाशन मुंबई
_c2005
300 _a139
600 _aसतीश खांबाटे
630 _aइंद्रधनू
700 _aसतीश खांबाटे
730 _aइंद्रधनू
942 _cBOOK
999 _c1041088
_d1041085